[Event "Stay Safe Play From Home 173"]
[Site "T#646330Emanuel Laske"]
[Date "2020.05.25"]
[Round "2"]
[White "Patzeroglu"]
[Black "Don59as"]
[Result "1/2-1/2"]
[WhiteElo "1854"]
[BlackElo "1946"]
[Annotator "NA"]
[PlyCount "115"]
[EventDate "2020.05.25"]
[EventType "swiss (blitz)"]

1. e4 {[%emt 0:00:09]} e5 {[%emt 0:00:01]} 2. Nf3 {[%emt 0:00:00]} Nc6 {[%emt 0:00:01]} 3. Nc3 {[%emt 0:00:00]} d6 {[%emt 0:00:01]} 4. Bc4 {[%emt 0:00:01]} Be7 {[%emt 0:00:01]} 5. d4 {[%emt 0:00:01]} exd4 {[%emt 0:00:00]} 6. Nxd4 {[%emt 0:00:01]} Nf6 {[%emt 0:00:01]} 7. O-O {[%emt 0:00:01]} O-O {[%emt 0:00:01]} 8. Nxc6 {[%emt 0:00:01]} bxc6 {[%emt 0:00:01]} 9. Kh1 {[%emt 0:00:00]} Be6 {[%emt 0:00:01]} 10. Bxe6 {[%emt 0:00:02]} fxe6 {[%emt 0:00:00]} 11. e5 {[%emt 0:00:01]} Nd5 {[%emt 0:00:02]} 12. Nxd5 {[%emt 0:00:05]} cxd5 {[%emt 0:00:02]} 13. exd6 {[%emt 0:00:02]} Bxd6 {[%emt 0:00:01]} 14. c3 {[%emt 0:00:02]} Qh4 {[%emt 0:00:01]} 15. g3 {[%emt 0:00:01]} Qh3 {[%emt 0:00:01]} 16. Qe2 {[%emt 0:00:03]} Rf6 {[%emt 0:00:02]} 17. f4 {[%emt 0:00:01]} Raf8 {[%emt 0:00:02]} 18. Qg2 {[%emt 0:00:01]} Qg4 {[%emt 0:00:02]} 19. Be3 {[%emt 0:00:02]} e5 {[%emt 0:00:02]} 20. fxe5 {[%emt 0:00:01]} Rxf1+ {[%emt 0:00:02]} 21. Rxf1 {[%emt 0:00:02]} Rxf1+ {[%emt 0:00:01]} 22. Qxf1 {[%emt 0:00:00]} Qe4+ {[%emt 0:00:01]} 23. Qg2 {[%emt 0:00:02]} Qxe5 {[%emt 0:00:04]} 24. Bd4 {[%emt 0:00:02]} Qe1+ {[%emt 0:00:01]} 25. Qg1 {[%emt 0:00:01]} Qxg1+ {[%emt 0:00:03]} 26. Kxg1 {[%emt 0:00:01]} c5 {[%emt 0:00:00]} 27. Bf2 {[%emt 0:00:00]} Kf7 {[%emt 0:00:01]} 28. Kf1 {[%emt 0:00:00]} Ke6 {[%emt 0:00:01]} 29. Ke2 {[%emt 0:00:00]} a5 {[%emt 0:00:01]} 30. Kd3 {[%emt 0:00:00]} a4 {[%emt 0:00:01]} 31. c4 {[%emt 0:00:01]} d4 {[%emt 0:00:02]} 32. b3 {[%emt 0:00:02]} axb3 {[%emt 0:00:01]} 33. axb3 {[%emt 0:00:00]} g6 {[%emt 0:00:01]} 34. Be1 {[%emt 0:00:01]} Kf5 {[%emt 0:00:02]} 35. Bd2 {[%emt 0:00:00]} Kg4 {[%emt 0:00:01]} 36. Bc1 {[%emt 0:00:04]} h5 {[%emt 0:00:01]} 37. Bd2 {[%emt 0:00:03]} Bxg3 {[%emt 0:00:01]} 38. hxg3 {[%emt 0:00:01]} Kxg3 {[%emt 0:00:00]} 39. b4 {[%emt 0:00:00]} h4 {[%emt 0:00:01]} 40. b5 {[%emt 0:00:02]} h3 {[%emt 0:00:00]} 41. b6 {[%emt 0:00:00]} h2 {[%emt 0:00:00]} 42. b7 {[%emt 0:00:00]} h1=Q {[%emt 0:00:00]} 43. b8=Q+ {[%emt 0:00:00]} Kh3 {[%emt 0:00:03]} 44. Qf4 {[%emt 0:00:00]} Qg2 {[%emt 0:00:03]} 45. Qh6+ {[%emt 0:00:00]} Kg3 {[%emt 0:00:01]} 46. Qxg6+ {[%emt 0:00:00]} Kf3 {[%emt 0:00:00]} 47. Qxg2+ {[%emt 0:00:00]} Kxg2 {[%emt 0:00:00]} 48. Bf4 {[%emt 0:00:00]} Kf3 {[%emt 0:00:01]} 49. Bd6 {[%emt 0:00:00]} Kg4 {[%emt 0:00:00]} 50. Bxc5 {[%emt 0:00:00]} Kf5 {[%emt 0:00:00]} 51. Kxd4 {[%emt 0:00:00]} Ke6 {[%emt 0:00:00]} 52. Ke4 {[%emt 0:00:00]} Kd7 {[%emt 0:00:00]} 53. Kd5 {[%emt 0:00:00]} Kc7 {[%emt 0:00:01]} 54. Bd6+ {[%emt 0:00:00]} Kd7 {[%emt 0:00:00]} 55. c5 {[%emt 0:00:00]} Kc8 {[%emt 0:00:00]} 56. c6 {[%emt 0:00:00]} Kd8 {[%emt 0:00:00]} 57. Ke6 {[%emt 0:00:00]} Kc8 {[%emt 0:00:00]} 58. Ke7 {[%emt 0:00:00] (Lag: Av=0.57s, max=1.2s)} 1/2-1/2

[Event "Stay Safe Play From Home 173"]
[Site "T#646330Emanuel Laske"]
[Date "2020.05.25"]
[Round "2"]
[White "GIULIO19031975"]
[Black "Majstor-resa"]
[Result "1-0"]
[WhiteElo "1815"]
[BlackElo "1665"]
[Annotator "NA"]
[PlyCount "69"]
[EventDate "2020.05.25"]
[EventType "swiss (blitz)"]

1. e4 {[%emt 0:00:03]} d5 {[%emt 0:00:01]} 2. exd5 {[%emt 0:00:01]} Qxd5 {[%emt 0:00:00]} 3. Nf3 {[%emt 0:00:00]} Bg4 {[%emt 0:00:02]} 4. Be2 {[%emt 0:00:01]} Nc6 {[%emt 0:00:01]} 5. b3 {[%emt 0:00:01]} O-O-O {[%emt 0:00:01]} 6. Bb2 {[%emt 0:00:01]} Nf6 {[%emt 0:00:01]} 7. Bxf6 {[%emt 0:00:03]} gxf6 {[%emt 0:00:01]} 8. Nc3 {[%emt 0:00:01]} Qa5 {[%emt 0:00:01]} 9. O-O {[%emt 0:00:01]} e5 {[%emt 0:00:01]} 10. a3 {[%emt 0:00:01]} h5 {[%emt 0:00:02]} 11. b4 {[%emt 0:00:02]} Qb6 {[%emt 0:00:02]} 12. b5 {[%emt 0:00:03]} Bxf3 {[%emt 0:00:03]} 13. Bxf3 {[%emt 0:00:01]} Nd4 {[%emt 0:00:01]} 14. Ne4 {[%emt 0:00:01]} f5 {[%emt 0:00:04]} 15. Ng3 {[%emt 0:00:07]} Qf6 {[%emt 0:00:07]} 16. c3 {[%emt 0:00:01]} Nxf3+ {[%emt 0:00:02]} 17. Qxf3 {[%emt 0:00:01]} f4 {[%emt 0:00:01]} 18. Ne4 {[%emt 0:00:01]} Qf5 {[%emt 0:00:01]} 19. d3 {[%emt 0:00:04]} Rg8 {[%emt 0:00:01]} 20. h3 {[%emt 0:00:02]} Rg6 {[%emt 0:00:04]} 21. a4 {[%emt 0:00:02]} Be7 {[%emt 0:00:01]} 22. a5 {[%emt 0:00:01]} Rdg8 {[%emt 0:00:01]} 23. b6 {[%emt 0:00:03]} Rxg2+ {[%emt 0:00:04]} 24. Qxg2 {[%emt 0:00:01]} Rxg2+ {[%emt 0:00:01]} 25. Kxg2 {[%emt 0:00:00]} axb6 {[%emt 0:00:01]} 26. axb6 {[%emt 0:00:01]} cxb6 {[%emt 0:00:01]} 27. f3 {[%emt 0:00:03]} Qd7 {[%emt 0:00:03]} 28. Rfd1 {[%emt 0:00:02]} f5 {[%emt 0:00:02]} 29. Kf2 {[%emt 0:00:01]} fxe4 {[%emt 0:00:01]} 30. dxe4 {[%emt 0:00:01]} Bc5+ {[%emt 0:00:02]} 31. Ke2 {[%emt 0:00:01]} Qxh3 {[%emt 0:00:01]} 32. Ra8+ {[%emt 0:00:02]} Kc7 {[%emt 0:00:01]} 33. Rdd8 {[%emt 0:00:01]} Qh2+ {[%emt 0:00:01]} 34. Kd3 {[%emt 0:00:01]} Kc6 {[%emt 0:00:03]} 35. Kc4 {[%emt 0:00:02] Zeit (Lag: Av=0.30s, max=0.8s)} 1-0

[Event "Stay Safe Play From Home 173"]
[Site "T#646330Emanuel Laske"]
[Date "2020.05.25"]
[Round "2"]
[White "MyLovlu"]
[Black "Fischer_11"]
[Result "1-0"]
[WhiteElo "1620"]
[BlackElo "1894"]
[Annotator "NA"]
[PlyCount "117"]
[EventDate "2020.05.25"]
[EventType "swiss (blitz)"]

1. Nf3 {[%emt 0:00:15]} Nf6 {[%emt 0:00:01]} 2. g3 {[%emt 0:00:00]} g6 {[%emt 0:00:00]} 3. Bg2 {[%emt 0:00:00]} Bg7 {[%emt 0:00:00]} 4. O-O {[%emt 0:00:01]} O-O {[%emt 0:00:00]} 5. d4 {[%emt 0:00:00]} d6 {[%emt 0:00:00]} 6. c4 {[%emt 0:00:00]} Nc6 {[%emt 0:00:01]} 7. Nc3 {[%emt 0:00:00]} e5 {[%emt 0:00:00]} 8. dxe5 {[%emt 0:00:01]} Nxe5 {[%emt 0:00:00]} 9. Nxe5 {[%emt 0:00:01]} dxe5 {[%emt 0:00:00]} 10. Qb3 {[%emt 0:00:00]} c6 {[%emt 0:00:02]} 11. Bg5 {[%emt 0:00:00]} Qb6 {[%emt 0:00:01]} 12. Rad1 {[%emt 0:00:01]} Qxb3 {[%emt 0:00:01]} 13. axb3 {[%emt 0:00:00]} Be6 {[%emt 0:00:01]} 14. Bxf6 {[%emt 0:00:00]} Bxf6 {[%emt 0:00:01]} 15. Ne4 {[%emt 0:00:00]} Bg7 {[%emt 0:00:01]} 16. Nc5 {[%emt 0:00:02]} Rfe8 {[%emt 0:00:02]} 17. Nxe6 {[%emt 0:00:01]} Rxe6 {[%emt 0:00:00]} 18. Rd7 {[%emt 0:00:01]} b6 {[%emt 0:00:02]} 19. Ra1 {[%emt 0:00:01]} a5 {[%emt 0:00:01]} 20. Rc7 {[%emt 0:00:01]} e4 {[%emt 0:00:03]} 21. b4 {[%emt 0:00:02]} a4 {[%emt 0:00:02]} 22. Ra2 {[%emt 0:00:02]} Rd6 {[%emt 0:00:04]} 23. e3 {[%emt 0:00:01]} f5 {[%emt 0:00:01]} 24. Bf1 {[%emt 0:00:01]} c5 {[%emt 0:00:04]} 25. bxc5 {[%emt 0:00:02]} bxc5 {[%emt 0:00:00]} 26. Rxc5 {[%emt 0:00:00]} Rb6 {[%emt 0:00:02]} 27. Rb5 {[%emt 0:00:02]} Rxb5 {[%emt 0:00:02]} 28. cxb5 {[%emt 0:00:00]} Kf7 {[%emt 0:00:01]} 29. Bc4+ {[%emt 0:00:01]} Ke7 {[%emt 0:00:01]} 30. b6 {[%emt 0:00:01]} Kd6 {[%emt 0:00:02]} 31. b7 {[%emt 0:00:01]} Rb8 {[%emt 0:00:00]} 32. Ba6 {[%emt 0:00:01]} Kc7 {[%emt 0:00:03]} 33. Rxa4 {[%emt 0:00:00]} Bxb2 {[%emt 0:00:00]} 34. Kf1 {[%emt 0:00:02]} Be5 {[%emt 0:00:04]} 35. Ke2 {[%emt 0:00:02]} Kb6 {[%emt 0:00:01]} 36. Kd2 {[%emt 0:00:01]} Rd8+ {[%emt 0:00:04]} 37. Kc2 {[%emt 0:00:00]} Rd3 {[%emt 0:00:00]} 38. Bxd3 {[%emt 0:00:02]} exd3+ {[%emt 0:00:01]} 39. Kxd3 {[%emt 0:00:00]} Bb8 {[%emt 0:00:00]} 40. Rc4 {[%emt 0:00:01]} Kxb7 {[%emt 0:00:00]} 41. Rb4+ {[%emt 0:00:00]} Kc7 {[%emt 0:00:01]} 42. Rxb8 {[%emt 0:00:00]} Kxb8 {[%emt 0:00:00]} 43. Kc4 {[%emt 0:00:00]} Kc7 {[%emt 0:00:00]} 44. Kd5 {[%emt 0:00:00]} Kd7 {[%emt 0:00:00]} 45. f3 {[%emt 0:00:00]} Ke7 {[%emt 0:00:00]} 46. e4 {[%emt 0:00:00]} Kf6 {[%emt 0:00:00]} 47. e5+ {[%emt 0:00:00]} Ke7 {[%emt 0:00:01]} 48. f4 {[%emt 0:00:00]} h6 {[%emt 0:00:01]} 49. e6 {[%emt 0:00:00]} Kf6 {[%emt 0:00:01]} 50. Kd6 {[%emt 0:00:00]} g5 {[%emt 0:00:00]} 51. e7 {[%emt 0:00:00]} gxf4 {[%emt 0:00:02]} 52. gxf4 {[%emt 0:00:00]} Kg6 {[%emt 0:00:01]} 53. e8=Q+ {[%emt 0:00:00]} Kf6 {[%emt 0:00:01]} 54. Qe5+ {[%emt 0:00:00]} Kg6 {[%emt 0:00:00]} 55. Ke6 {[%emt 0:00:00]} h5 {[%emt 0:00:00]} 56. Qxf5+ {[%emt 0:00:00]} Kh6 {[%emt 0:00:00]} 57. Qg5+ {[%emt 0:00:00]} Kh7 {[%emt 0:00:01]} 58. Kf7 {[%emt 0:00:00]} Kh8 {[%emt 0:00:00]} 59. Qg7# {[%emt 0:00:00]} 1-0

[Event "Stay Safe Play From Home 173"]
[Site "T#646330Emanuel Laske"]
[Date "2020.05.25"]
[Round "2"]
[White "Trotsky"]
[Black "matanant"]
[Result "0-1"]
[WhiteElo "1528"]
[BlackElo "1637"]
[Annotator "NA RC"]
[PlyCount "62"]
[EventDate "2020.05.25"]
[EventType "swiss (blitz)"]

1. d4 {[%emt 0:00:01]} d6 {[%emt 0:00:01]} 2. e3 {[%emt 0:00:00]} g6 {[%emt 0:00:00]} 3. c4 {[%emt 0:00:01]} Bg7 {[%emt 0:00:00]} 4. Nc3 {[%emt 0:00:01]} Nf6 {[%emt 0:00:00]} 5. Bd3 {[%emt 0:00:01]} O-O {[%emt 0:00:00]} 6. Qc2 {[%emt 0:00:01]} c6 {[%emt 0:00:00]} 7. Nf3 {[%emt 0:00:01]} Bd7 {[%emt 0:00:01]} 8. Ng5 {[%emt 0:00:01]} h6 {[%emt 0:00:01]} 9. h4 {[%emt 0:00:01]} Nh5 {[%emt 0:00:04]} 10. Bxg6 {[%emt 0:00:03]} fxg6 {[%emt 0:00:01]} 11. Qxg6 {[%emt 0:00:01]} Nf6 {[%emt 0:00:09]} 12. Nce4 {[%emt 0:00:03]} Be8 {[%emt 0:00:02]} 13. Nxf6+ {[%emt 0:00:02]} Rxf6 {[%emt 0:00:01]} 14. Qh7+ {[%emt 0:00:01]} Kf8 {[%emt 0:00:00]} 15. Bd2 {[%emt 0:00:04]} Bg6 {[%emt 0:00:01]} 16. O-O-O {[%emt 0:00:15]} Bxh7 {[%emt 0:00:02]} 17. Nxh7+ {[%emt 0:00:01]} Kf7 {[%emt 0:00:00]} 18. Nxf6 {[%emt 0:00:02]} Bxf6 {[%emt 0:00:01]} 19. e4 {[%emt 0:00:01]} Qg8 {[%emt 0:00:01]} 20. f4 {[%emt 0:00:02]} Qxg2 {[%emt 0:00:02]} 21. Rdg1 {[%emt 0:00:03]} Qxe4 {[%emt 0:00:00]} 22. Re1 {[%emt 0:00:06]} Qxd4 {[%emt 0:00:02]} 23. Bc3 {[%emt 0:00:01]} Qxf4+ {[%emt 0:00:01]} 24. Kb1 {[%emt 0:00:02]} Bxc3 {[%emt 0:00:01]} 25. bxc3 {[%emt 0:00:02]} Ke8 {[%emt 0:00:00]} 26. Rhf1 {[%emt 0:00:01]} Qxh4 {[%emt 0:00:02]} 27. Rf2 {[%emt 0:00:02]} Qxc4 {[%emt 0:00:01]} 28. Ref1 {[%emt 0:00:01]} Kd7 {[%emt 0:00:00]} 29. Rc2 {[%emt 0:00:02]} Na6 {[%emt 0:00:02] '} 30. Rfc1 {[%emt 0:00:01]} Nc5 {[%emt 0:00:00]} 31. Ka1 {[%emt 0:00:01]} Nd3 {[%emt 0:00:02] Âðåìÿ (Lag: Av=0.57s, max=1.3s)} 0-1

[Event "Stay Safe Play From Home 173"]
[Site "T#646330Emanuel Laske"]
[Date "2020.05.25"]
[Round "3"]
[White "Rogan"]
[Black "praveen prasad"]
[Result "1-0"]
[WhiteElo "2280"]
[BlackElo "2313"]
[Annotator "TA"]
[PlyCount "57"]
[EventDate "2020.05.25"]
[EventType "swiss (blitz)"]

{[%evp 13,57,17,29,21,30,22,31,24,61,58,96,103,108,110,125,117,180,195,184,139,145,115,118,119,309,201,242,230,225,226,427,352,1205,916,1030,1014,1856,1726,29984,5094,29989,29990,29990,29990,29998,29999]} 1. d4 d5 2. c3 c5 3. Nf3 cxd4 4. cxd4 a6 5. Bg5 Nf6 6. Nc3 e6 7. e3 Be7 8. Bd3 {D13: Slav Defence: Exchange variation without ...Bf5.} h6 9. Bh4 b5 10. O-O {[#] White is slightly better.} b4 $146 ({Predecessor:} 10... Bb7 11. Rc1 Nbd7 12. Qe2 O-O 13. Rfd1 Rc8 14. h3 Ne4 15. Bxe7 Nxc3 16. Rxc3 Qxe7 {½-½ (26) Stupar,S (2127)-Vujatovic,D (2088) Osijek 2012}) 11. Na4 Bd7 12. Nc5 Bxc5 13. dxc5 Nc6 14. Nd4 Nxd4 (14... O-O $16) 15. exd4 $18 O-O 16. Rc1 Bc6 17. Qf3 g5 18. Bg3 Nh7 $2 {[#] This costs Black the game.} (18... Ne4 $16) 19. h4 {aiming for Qh5.} f5 20. hxg5 hxg5 21. Bd6 Re8 $2 (21... g4 {keeps fighting.} 22. Qe3 Rf6) 22. g4 f4 $2 (22... Qf6 23. Be5 Qf7) 23. Kg2 Ra7 24. Rh1 Rg7 25. Bxh7+ Rxh7 26. Rxh7 {[#] Threatening mate with Be5!} Kxh7 27. Qd3+ {White mates.} Kg7 28. Rh1 e5 29. Qh7+ {Accuracy: White = 75%, Black = 34%.} 1-0

[Event "Stay Safe Play From Home 173"]
[Site "T#646330Emanuel Laske"]
[Date "2020.05.25"]
[Round "3"]
[White "SoulofWolf"]
[Black "Lamborghini"]
[Result "1-0"]
[WhiteElo "2238"]
[BlackElo "2202"]
[Annotator "TA"]
[PlyCount "115"]
[EventDate "2020.05.25"]
[EventType "swiss (blitz)"]

{[%evp 10,115,22,20,54,-10,-1,-23,-10,-18,-14,-12,-14,-25,-27,-45,-42,-77,-65,-87,-13,0,0,-8,0,0,19,0,31,10,30,-147,16,-4,0,0,16,-37,-25,-43,-45,-71,-71,-70,-70,-70,-45,-62,-20,-23,-23,-35,-12,-23,-9,-27,0,0,0,0,0,0,0,0,0,0,0,0,2,18,302,341,344,345,339,300,316,293,325,168,349,349,349,222,338,273,318,261,261,0,0,0,112,112,489,419,29993,29994,29998,55,1196,1184,727,315,723,697,563,516]} 1. d4 g6 2. c4 Bg7 3. e3 d6 4. Nf3 Nf6 5. Be2 O-O 6. O-O Nc6 {E60: King's Indian: Unusual lines and Fianchetto Variation without Nc3.} 7. Nbd2 (7. Nc3 $14) 7... e5 $11 {[#]} 8. b3 $146 ({Predecessor:} 8. d5 Nb8 9. b4 a5 10. bxa5 Rxa5 11. Nb3 Ra8 12. Bb2 Na6 13. Nfd2 Nd7 14. e4 {0-1 (24) Martus,J (1799)-Kazakov,M (2474) Untergrombach 2015}) 8... exd4 {Black has an edge.} 9. Nxd4 Nxd4 10. exd4 d5 11. Bb2 Re8 12. c5 Bf5 13. Bf3 Ne4 14. Re1 {[#]} Nxd2 (14... Nxc5 $1 $17 {[%mdl 512]} 15. Rxe8+ (15. dxc5 Bxb2) 15... Qxe8 16. Bxd5 Rd8) 15. Qxd2 Qd7 16. b4 Be4 17. Be2 Rad8 18. a4 c6 19. Bf1 h5 20. Re3 $2 (20. b5 $11) 20... Bf5 $2 ({Better is} 20... Bh6 $17 21. f3 Kg7) 21. Rae1 Rxe3 22. Qxe3 Be6 23. f4 (23. b5 $11) 23... Qc7 24. g3 Re8 25. Bg2 Bd7 26. Qf2 Rxe1+ 27. Qxe1 Be6 28. Kf2 b6 29. Qd2 Bf5 30. Bf3 Qd7 31. Bg2 bxc5 32. dxc5 Bxb2 (32... d4 {looks sharper.} 33. Bf3 Bg4 34. Bg2 Kh7 35. h4 Be6) 33. Qxb2 a6 34. Qe2 Qb7 35. Qd2 Kg7 36. Bf1 f6 37. Be2 Be4 38. Bf1 a5 39. b5 {[%cal Bb4b5,Bb5b6][%mdl 32]} Qa7 $2 {[%mdl 8192]} (39... cxb5 $1 $11 {and Black is okay.} 40. axb5 Qa8) 40. b6 $18 Qa8 41. Qd4 Bf5 42. Be2 Bc8 43. Bf3 Bb7 44. g4 (44. Qe3 $142) 44... Qe8 $2 (44... hxg4 45. Bxg4 Qh8) 45. gxh5 gxh5 46. Qd1 Kh6 (46... Qe7 {was called for.}) 47. Qd2 Qe7 48. f5+ ({Less strong is} 48. Qxa5 d4 $16) 48... Kg7 49. Qf4 $2 ({Not} 49. Bxh5 Qxc5+ 50. Qe3 Qc2+ 51. Kg1 Qb1+ 52. Kg2 Qxf5 $11) (49. Qd4 $18) 49... Qxc5+ $11 {[%mdl 64] Double Attack} 50. Kg2 {Black must now prevent Qg3+.} Qc2+ {[#]} (50... Qxb6 $11 51. Qg3+ Kh8) 51. Kh3 $1 $16 {Hoping for Qg3+.} Ba6 $2 {[%mdl 8192]} (51... Qc3 $16) 52. Qg3+ $18 Kf7 (52... Kh8 $18 53. Qb8+ Kh7) 53. Bxh5+ Ke7 54. Qe3+ $2 (54. Qc7+ {mates} Kf8 55. Qf7#) 54... Qe4 $2 {[%mdl 8192]} (54... Kd6 $14) 55. Qxe4+ dxe4 {[#]} 56. Bg4 (56. Be2 $142 $1 {[%mdl 512]} Bb7 (56... Bxe2 57. b7) 57. Kg4) 56... Bb7 $2 (56... c5) 57. Kg3 Kd6 {Black hopes to continue with ...c5.} 58. Kf4 {Accuracy: White = 65%, Black = 49%.} 1-0

[Event "Stay Safe Play From Home 173"]
[Site "T#646330Emanuel Laske"]
[Date "2020.05.25"]
[Round "3"]
[White "Mepe_Nika"]
[Black "GIULIO19031975"]
[Result "1-0"]
[WhiteElo "2217"]
[BlackElo "1825"]
[Annotator "NA"]
[PlyCount "67"]
[EventDate "2020.05.25"]
[EventType "swiss (blitz)"]

1. d4 {[%emt 0:00:01]} d5 {[%emt 0:00:03]} 2. Bf4 {[%emt 0:00:01]} Nf6 {[%emt 0:00:01]} 3. e3 {[%emt 0:00:01]} e6 {[%emt 0:00:00]} 4. Nf3 {[%emt 0:00:01]} Bd6 {[%emt 0:00:01]} 5. Bg3 {[%emt 0:00:01]} Nc6 {[%emt 0:00:01]} 6. Nbd2 {[%emt 0:00:01]} Bd7 {[%emt 0:00:02]} 7. c4 {[%emt 0:00:01]} h5 {[%emt 0:00:06]} 8. Bd3 {[%emt 0:00:01]} h4 {[%emt 0:00:05]} 9. Bxd6 {[%emt 0:00:01]} cxd6 {[%emt 0:00:01]} 10. h3 {[%emt 0:00:00]} Nb4 {[%emt 0:00:04]} 11. Qe2 {[%emt 0:00:02]} Nxd3+ {[%emt 0:00:01]} 12. Qxd3 {[%emt 0:00:00]} dxc4 {[%emt 0:00:05]} 13. Qxc4 {[%emt 0:00:00]} a6 {[%emt 0:00:01]} 14. O-O {[%emt 0:00:01]} Bb5 {[%emt 0:00:01]} 15. Qb4 {[%emt 0:00:01]} Bxf1 {[%emt 0:00:01]} 16. Rxf1 {[%emt 0:00:01]} O-O {[%emt 0:00:01]} 17. e4 {[%emt 0:00:01]} Nd7 {[%emt 0:00:04]} 18. Qxd6 {[%emt 0:00:02]} Nb8 {[%emt 0:00:03]} 19. Qf4 {[%emt 0:00:01]} Nc6 {[%emt 0:00:01]} 20. Nb3 {[%emt 0:00:03]} Qf6 {[%emt 0:00:03]} 21. Qxh4 {[%emt 0:00:02]} Qxh4 {[%emt 0:00:01]} 22. Nxh4 {[%emt 0:00:00]} g5 {[%emt 0:00:02]} 23. Nf3 {[%emt 0:00:01]} Kg7 {[%emt 0:00:01]} 24. Nxg5 {[%emt 0:00:02]} f5 {[%emt 0:00:01]} 25. Nxe6+ {[%emt 0:00:02]} Kf6 {[%emt 0:00:01]} 26. Nxf8 {[%emt 0:00:00]} Rxf8 {[%emt 0:00:01]} 27. d5 {[%emt 0:00:01]} Ne5 {[%emt 0:00:01]} 28. exf5 {[%emt 0:00:01]} Nc4 {[%emt 0:00:01]} 29. g4 {[%emt 0:00:02]} Nxb2 {[%emt 0:00:01]} 30. Re1 {[%emt 0:00:01]} Nc4 {[%emt 0:00:01]} 31. Re6+ {[%emt 0:00:01]} Kg5 {[%emt 0:00:01]} 32. Nd4 {[%emt 0:00:01]} Kh4 {[%emt 0:00:01]} 33. Kg2 {[%emt 0:00:01]} Kg5 {[%emt 0:00:01]} 34. Kg3 {[%emt 0:00:01] Tempo} 1-0

[Event "Stay Safe Play From Home 173"]
[Site "T#646330Emanuel Laske"]
[Date "2020.05.25"]
[Round "3"]
[White "Lazieri3"]
[Black "MyLovlu"]
[Result "0-1"]
[WhiteElo "2138"]
[BlackElo "1620"]
[Annotator "TA"]
[PlyCount "142"]
[EventDate "2020.05.25"]
[EventType "swiss (blitz)"]

{[%evp 9,142,13,16,-5,6,-4,-6,-28,-15,-29,2,3,16,6,10,5,15,-2,-3,-2,-7,-9,-2,-12,0,0,0,0,0,-24,-24,-24,-22,-20,-8,-15,-8,-15,-20,-15,-13,0,0,0,0,0,0,0,0,-8,-8,-8,-8,-80,0,0,0,0,0,0,0,0,0,0,-8,-8,0,-8,0,0,0,0,0,-8,-8,-8,-8,-8,0,0,5,5,5,5,5,0,5,4,4,4,5,0,5,4,4,4,4,4,5,4,5,5,5,0,5,0,5,5,5,4,5,5,5,5,5,0,5,0,4,4,5,0,5,5,5,5,5,-29987,-29988,-29991,-29992,-29992,-29993,-29993,-29987]} 1. e4 b6 2. Nc3 Bb7 3. d4 e6 4. Nf3 Nf6 5. Bg5 Be7 6. e5 {B00: Queen's Fianchetto Defence, Nimzowitsch Defence.} Nd5 7. Bxe7 Qxe7 8. Nxd5 {The position is equal.} Bxd5 9. c3 {[#]} d6 $146 ({Predecessor:} 9... c5 10. Be2 cxd4 11. Qxd4 Nc6 12. Qe3 O-O 13. O-O Rac8 14. Rfe1 Rc7 15. c4 Bxf3 16. Bxf3 {½-½ (48) Martinez,F (2183)-Pavon Caro,E Seville 2000}) 10. Bd3 h6 11. Qe2 Nd7 12. exd6 cxd6 13. Be4 Bxe4 14. Qxe4 O-O 15. O-O Nf6 16. Qe2 Rac8 17. Rfe1 Qb7 18. Nd2 Qd5 19. Ne4 (19. a4 {is interesting.} Rb8 20. f3 Qc6 21. Ne4 Nd5 22. g3) 19... Nxe4 20. Qxe4 Qxe4 21. Rxe4 $11 {[%mdl 4096] Endgame KRR-KRR} d5 22. Re5 b5 23. a3 a5 24. f4 g6 25. g4 Kh7 26. f5 gxf5 27. gxf5 Rg8+ 28. Kf2 Rg5 29. fxe6 {Threatens to win with Rxg5.} Rxe5 30. dxe5 fxe6 {KR-KR} 31. Rd1 (31. a4 $11) 31... b4 ({Black should try} 31... Rc4 $17) 32. axb4 axb4 33. Rd3 $1 bxc3 34. bxc3 Kg6 35. Rf3 Rc6 36. Rf6+ Kg5 37. h4+ Kh5 38. Ke2 Kxh4 {[#] Strongly threatening ...Kg5.} 39. Rxh6+ Kg5 40. Rf6 Rxc3 41. Rxe6 Kf5 42. Re8 Ke4 43. e6 Ke5 44. e7 {Intending Rd8 and mate.} Ke6 45. Rd8 Kxe7 46. Rxd5 Ke6 47. Rd3 (47. Rh5 {feels hotter.} Ra3 48. Kd2 Ra1 49. Rh7 Ra2+ 50. Kc3) 47... Rc6 48. Rf3 Ke5 49. Re3+ Kf4 50. Rd3 Kg4 51. Ke3 Re6+ 52. Kf2 Ra6 53. Rd4+ Kh3 54. Rd2 Rf6+ 55. Ke3 Re6+ 56. Kf2 Rf6+ 57. Ke3 Ra6 58. Rd3 Kg4 59. Ke4 Kg5 60. Rd4 Kf6 61. Kd3 Ra3+ 62. Ke4 Rh3 63. Kf4 Rh4+ 64. Ke3 Rh1 65. Ke4 Re1+ 66. Kd5 Ra1 67. Rf4+ Ke7 68. Ra4 $2 {[%mdl 8192] [#] Now White is beyond hope.} (68. Rb4 $11) 68... Rxa4 {Black mates.} 69. Kc6 Ra5 {[%cal Ba4a5,Ba5f5,Bf5f6][%mdl 32]} 70. Kb6 Rf5 71. Kc6 Rf6+ {Accuracy: White = 92%, Black = 96%.} 0-1

[Event "Stay Safe Play From Home 173"]
[Site "T#646330Emanuel Laske"]
[Date "2020.05.25"]
[Round "3"]
[White "Don59as"]
[Black "Weltszmerc"]
[Result "1/2-1/2"]
[WhiteElo "1941"]
[BlackElo "1974"]
[Annotator "NA"]
[PlyCount "80"]
[EventDate "2020.05.25"]
[EventType "swiss (blitz)"]

1. c4 {[%emt 0:00:01]} Nf6 {[%emt 0:00:00]} 2. Nc3 {[%emt 0:00:01]} b6 {[%emt 0:00:00]} 3. e4 {[%emt 0:00:01]} e5 {[%emt 0:00:00]} 4. g3 {[%emt 0:00:01]} Bb7 {[%emt 0:00:01]} 5. Bg2 {[%emt 0:00:01]} Bb4 {[%emt 0:00:00]} 6. Nge2 {[%emt 0:00:01]} c5 {[%emt 0:00:01]} 7. O-O {[%emt 0:00:01]} Nc6 {[%emt 0:00:01]} 8. a3 {[%emt 0:00:01]} Ba5 {[%emt 0:00:02]} 9. Rb1 {[%emt 0:00:02]} O-O {[%emt 0:00:02]} 10. d3 {[%emt 0:00:01]} h6 {[%emt 0:00:01]} 11. h3 {[%emt 0:00:02]} Qe7 {[%emt 0:00:01]} 12. Be3 {[%emt 0:00:01]} Bxc3 {[%emt 0:00:03]} 13. Nxc3 {[%emt 0:00:01]} Nd4 {[%emt 0:00:01]} 14. Nd5 {[%emt 0:00:01]} Nxd5 {[%emt 0:00:01]} 15. exd5 {[%emt 0:00:02]} f5 {[%emt 0:00:01]} 16. d6 {[%emt 0:00:02]} Qxd6 {[%emt 0:00:04]} 17. Bxb7 {[%emt 0:00:01]} Rab8 {[%emt 0:00:03]} 18. Bd5+ {[%emt 0:00:01]} Kh8 {[%emt 0:00:01]} 19. Bxd4 {[%emt 0:00:02]} cxd4 {[%emt 0:00:02]} 20. f3 {[%emt 0:00:04]} e4 {[%emt 0:00:01]} 21. Kg2 {[%emt 0:00:01]} e3 {[%emt 0:00:02]} 22. Qe2 {[%emt 0:00:01]} f4 {[%emt 0:00:02]} 23. g4 {[%emt 0:00:03]} b5 {[%emt 0:00:02]} 24. b3 {[%emt 0:00:02]} Qxa3 {[%emt 0:00:03]} 25. Qb2 {[%emt 0:00:03]} Qxb2+ {[%emt 0:00:02]} 26. Rxb2 {[%emt 0:00:01]} bxc4 {[%emt 0:00:01]} 27. Bxc4 {[%emt 0:00:01]} Rb6 {[%emt 0:00:07]} 28. Ra1 {[%emt 0:00:01]} Rd8 {[%emt 0:00:06]} 29. Kf1 {[%emt 0:00:01]} d5 {[%emt 0:00:01]} 30. Ba6 {[%emt 0:00:01]} Rdd6 {[%emt 0:00:01]} 31. Bc8 {[%emt 0:00:02]} Rdc6 {[%emt 0:00:01]} 32. Bf5 {[%emt 0:00:01]} Rc3 {[%emt 0:00:01]} 33. Ke2 {[%emt 0:00:02]} g6 {[%emt 0:00:00]} 34. Bd7 {[%emt 0:00:02]} Rcxb3 {[%emt 0:00:00]} 35. Rxb3 {[%emt 0:00:01]} Rxb3 {[%emt 0:00:00]} 36. Rxa7 {[%emt 0:00:01]} Rb2+ {[%emt 0:00:01]} 37. Ke1 {[%emt 0:00:01]} Rb1+ {[%emt 0:00:00]} 38. Ke2 {[%emt 0:00:01]} Rb2+ {[%emt 0:00:00]} 39. Ke1 {[%emt 0:00:00]} Rb1+ {[%emt 0:00:00]} 40. Ke2 {[%emt 0:00:00]} Rb2+ {[%emt 0:00:00] (Lag: Av=0.81s, max=1.6s)} 1/2-1/2